000 00432nam a2200181Ia 4500
001 2417
005 20260306144805.0
008 260306t2016||||xx |||||||||||||| ||spa||
041 _aESP
082 _a616.89
_bM86
100 _aMorrison, James
_eAUT
245 0 _aDSM-5 guía para el diagnóstico clínico
260 _c2016
300 _a653 páginas :
_c23 cm.
650 _aGEN
654 _aCPS
942 _cLIB
_dJUS
_fJUS
_2ddc
_n
999 _c2417
_d2417